| 000 | 00000nas##2200000za#4500 |
| 001 | 9.501657 |
| 003 | CaOODSP |
| 005 | 20210305161731 |
| 007 | cr ||||||||||| |
| 008 | 150406c1966||||xxc|| m o||||f| |0fre|d |
| 040 | |aCaOODSP|bfre |
| 043 | |an-cn--- |
| 086 | 1 |aYC2-3-0F-PDF |
| 110 | 1 |aCanada.|bSénat. |bComité spécial sur le vieillissement. |
| 245 | 10|aRapport du Comité sénatorial spécial sur le vieillissement |h[ressource électronique] |
| 260 | |aOttawa - Ontario : |bSénat. |cLe 1 mars 2007 - le 21 avril 2009. |
| 310 | |aIrrégulier |
| 362 | 1 |a39e législature, 1re session, [2e rapport] - 40e législature, 2e session, [3e rapport] |
| 500 | |a«Le Comité a été constitué initialement à l'automne 2006 [...]»--40ième législature, 2ième session, p. 11 de 263. Portée: rapports principaux du comité sur les projets de loi et les études spéciales. |
| 775 | 08|tReport of the Special Senate Committee on Aging |w(CaOODSP)9.505257 |